LIBRARY & INFORMATION CENTRE, KCAET, TAVANUR

ONLINE PUBLIC ACCESS CATALOGUE (OPAC)

IoT based real time microclimate monitoring and controlling system for green house / (Record no. 18065)

MARC details
000 -LEADER
fixed length control field 00404nam a22001457a 4500
003 - CONTROL NUMBER IDENTIFIER
control field OSt
082 ## - DEWEY DECIMAL CLASSIFICATION NUMBER
Classification number 631.587
Item number ANG/IO
088 ## - REPORT NUMBER
Report number T 596
100 ## - MAIN ENTRY--AUTHOR NAME
Personal name Angitha K.A
245 ## - TITLE STATEMENT
Title IoT based real time microclimate monitoring and controlling system for green house /
260 ## - PUBLICATION, DISTRIBUTION, ETC. (IMPRINT)
Name of publisher Department of Irrigation and Drainage Engineering
300 ## - PHYSICAL DESCRIPTION
Number of Pages 166p.
700 ## - ADDED ENTRY--PERSONAL NAME
Personal name Asha Joseph (Guide)
942 ## - ADDED ENTRY ELEMENTS (KOHA)
Koha item type Theses
Holdings
Collection code Home library Current library Full call number Accession Number Koha item type Public note
Reference KAUAET KAUAET 631.587 ANG/IO T 596 Theses M.Tech Thesis
free website counter